GOOD RICH AND WHAT THEY COST US (Record no. 31620)

MARC details
000 -LEADER
fixed length control field 00344nam a2200133Ia 4500
008 - FIXED-LENGTH DATA ELEMENTS--GENERAL INFORMATION
fixed length control field 240624s9999 xx 000 0 und d
041 ## - LANGUAGE CODE
Language code of text/sound track or separate title eng
082 ## - DEWEY DECIMAL CLASSIFICATION NUMBER
Classification number 339.40973 DAL
100 ## - MAIN ENTRY--PERSONAL NAME
Personal name DALZELL ROBERT F
245 ## - TITLE STATEMENT
Title GOOD RICH AND WHAT THEY COST US
260 ## - PUBLICATION, DISTRIBUTION, ETC.
Date of publication, distribution, etc. 2013
Place of publication, distribution, etc. London
Name of publisher, distributor, etc. Yale University Press
300 ## - PHYSICAL DESCRIPTION
Extent 199 p.; 23 cm.
365 ## - TRADE PRICE
Currency code
Price amount 35
Holdings
Withdrawn status Lost status Damaged status Not for loan Home library Current library Shelving location Date acquired Full call number Barcode Date last seen Copy number Price effective from Koha item type
        IMTN IMTN Rack 14-B 04/24/2019 339.40973 DAL 31620 06/24/2024 72 06/24/2024 Books
Designed & Maintained by: LRC IMT Nagpur Contact: lrc@imtnag.ac.in© 2024. All Rights Reserved.